000 00585nam a2200181Ia 4500
005 20250423094927.0
008 250422s9999 xx 000 0 und d
020 _a9780393325546
050 _aPS 3551.B895 .A28/
100 _aAbu-Jaber, Diana.
245 0 _aCrescent
260 _aNew York
260 _bW.W. Norton & Co.
260 _c2003
300 _a395 p
650 _aArab American women--Fiction. Cooking, Lebanese--Fiction. College teachers--Fiction. Arab Americans--Fiction. Women cooks--Fiction. Restaurants--Fiction. Los Angeles (Calif.)--Fiction.
942 _cBK
999 _c28716
_d28716